[Event "Petroupoli op"]
[Site "Petroupoli"]
[Date "2012.01.28"]
[Round "5"]
[White "Foutouhos, Spyridon"]
[Black "Darviris, Panagiotis"]
[Result "1-0"]
[WhiteElo "1432"]
[BlackElo "1461"]
[PlyCount "111"]
[EventDate "2012.01.14"]
[EventType "swiss"]
[EventRounds "7"]
[EventCountry "GRE"]
[SourceTitle "EXT 2013"]
[Source "ChessBase"]
[SourceDate "2012.11.22"]
[SourceVersion "1"]
[SourceVersionDate "2012.11.22"]
[SourceQuality "1"]

1. d4 e6 2. c4 c5 3. e3 d5 4. Nc3 Nf6 5. Nf3 Nc6 6. b3 Be7 7. Bb2 0-0 8. Bd3 Re8 9. 0-0 a6 10. Re1 Rb8 11. a3 dxc4 12. Bxc4 b5 13. Bf1 Bb7 14. dxc5 Bxc5 15. Qxd8 Rbxd8 16. Red1 Bb6 17. b4 Ne7 18. a4 Nfd5 19. Nxd5 Nxd5 20. axb5 Nxb4 21. Rxd8 Rxd8 22. bxa6 Ba8 23. Bd4 Bxd4 24. Nxd4 e5 25. Nf3 f6 26. Rb1 Nc6 27. h3 Na7 28. Kh2 Be4 29. Rb4 Bc6 30. Be2 Kf8 31. Nh4 Rd2 32. Rb8+ Ke7 33. Nf5+ Kf7 34. Bc4+ Kg6 35. Ne7+ Kh6 36. Nxc6 Nxc6 37. Rc8 Na7 38. Rc7 Rc2 39. Rxa7 Rxc4 40. Rb7 Ra4 41. a7 Ra2 42. Kg3 g6 43. f3 g5 44. e4 Kg6 45. Kh2 h5 46. Kg1 f5 47. Rb6+ Kf7 48. exf5 Rxa7 49. Rh6 Ra4 50. Rxh5 Kf6 51. g4 e4 52. fxe4 Rxe4 53. Rh6+ Kf7 54. Rg6 Re3 55. Kg2 Re2+ 56. Kf3 1-0